Критерии и показатели качества образования; Инженерное образование; № 3

Bibliographic Details
Parent link:Инженерное образование: электронный научный журнал/ Ассоциация инженерного образования России (АИОР).— : [Б. и.], 2003-.— 1810-2883
№ 3.— 2005.— [С. 36-43]
Main Author: Заграй Н. П. Николай Петрович
Other Authors: Пуховский В. Н., Синявская И. А. Ирина Анатольевна
Summary:Заглавие с титульного листа
The paper discusses various approaches of education quality estimation. Information parameters in accreditations of professional education programs, various versions of criteria approaches and numerical parameters applications are offered.
Language:Russian
Published: 2005
Series:Методологические вопросы качества образования
Subjects:
Online Access:https://old.aeer.ru/files/io/m3/art_6.pdf
Format: MixedMaterials Electronic Book Chapter
KOHA link:https://koha.lib.tpu.ru/cgi-bin/koha/opac-detail.pl?biblionumber=506380

MARC

LEADER 00000naa2a2200000 4500
001 506380
005 20250520134648.0
035 |a (RuTPU)RU\TPU\prd\177289 
035 |a RU\TPU\prd\177288 
090 |a 506380 
100 |a 20130514d2005 k y0rusy50 ca 
101 0 |a rus 
102 |a RU 
135 |a drnn ---uucaa 
181 0 |a i  
182 0 |a b 
200 1 |a Критерии и показатели качества образования  |b Электронный ресурс  |f Н. П. Заграй, В. Н. Пуховский, И. А. Синявская 
203 |a Текст  |c электронный 
215 |a 1 файл (711 Кб) 
225 1 |a Методологические вопросы качества образования 
230 |a Электронные текстовые данные (1 файл : 711 Кб) 
300 |a Заглавие с титульного листа 
320 |a [Библиогр.: с. 43 (3 назв.)] 
330 |a The paper discusses various approaches of education quality estimation. Information parameters in accreditations of professional education programs, various versions of criteria approaches and numerical parameters applications are offered. 
337 |a Adobe Reader 
461 1 |0 (RuTPU)RU\TPU\prd\176632  |x 1810-2883  |t Инженерное образование  |o электронный научный журнал  |f Ассоциация инженерного образования России (АИОР)  |n [Б. и.]  |d 2003- 
463 1 |0 (RuTPU)RU\TPU\prd\177282  |t № 3  |v [С. 36-43]  |d 2005 
610 1 |a высшее образование 
610 1 |a качество 
610 1 |a показатели 
610 1 |a критерии 
610 1 |a профессиональные образовательные программы 
610 1 |a образовательная деятельность 
610 1 |a аккредитация 
610 1 |a электронный ресурс 
700 1 |a Заграй  |b Н. П.  |g Николай Петрович 
701 1 |a Пуховский  |b В. Н. 
701 1 |a Синявская  |b И. А.  |g Ирина Анатольевна 
801 1 |a RU  |b 63413507  |c 20090623  |g PSBO 
801 2 |a RU  |b 63413507  |c 20160310  |g PSBO 
856 4 |u https://old.aeer.ru/files/io/m3/art_6.pdf 
942 |c BK